000 00879 a2200205 4500
008 080820t xxu||||| |||| 00| 0 eng d
010 _aENG-84837
020 _a8186772138
_c1695.00
035 _aEN-68370
037 _bD.B.Act / Pub
082 _a623.81
100 _aRajamanickam, G. Victor
245 _aTraditional Indian ship building
_cby G. Victor Rajamanickam
_bmemories, history, technology
260 _aNew Delhi
_bNew Academic Publishers
_c2006
270 _a3721/3, Netaji Subhash Marg, Daryaganj
_bDelhi
_cDelhi
_e110002
300 _axxxviii, 317 p. ;
_c22 cm. (Hb)
_bplates
500 _aIncludes bibliographical references and index
942 _adpl
_cEN
_k623.81 / RAJ
_2ddc
_h623.81
_mRAJ
999 _c536
_d536